Reflexiones de un diplomático: Estados Unidos y América Latina
Furkejuvvon:
| Váldodahkki: | |
|---|---|
| Materiálatiipa: | Girji |
| Giella: | espánnjágiella |
| Almmustuhtton: |
Santiago
Andrés Bello
1985
|
| Fáttát: | |
| Fáddágilkorat: |
Lasit fáddágilkoriid
Eai fáddágilkorat, Lasit vuosttaš fáddágilkora!
|
MARC
| LEADER | 00000nam a2200000 a 4500 | ||
|---|---|---|---|
| 001 | UCW9413 | ||
| 003 | CL-VaPUC | ||
| 008 | 890414e19850000CL |||||||||||||||||spa|d | ||
| 082 | 0 | 4 | |a 327.7308 |b THE |2 21 |
| 100 | 0 | |a Theberge, James D |e author |9 314674 | |
| 245 | 1 | 0 | |a Reflexiones de un diplomático: Estados Unidos y América Latina |
| 300 | |a 294 p | ||
| 942 | |c BK | ||
| 945 | |d 19890414 00:00:00 | ||
| 260 | |a Santiago |b Andrés Bello |c 1985 | ||
| 650 | 0 | |a Relaciones Exteriores |9 255379 | |
| 650 | 7 | |a CONDICIONES ECONOMICAS 1970 |2 CL-VaPUC |9 264520 | |
| 651 | 7 | |a CHILE |2 CL-VaPUC |9 314675 | |
| 651 | 0 | |a Estados Unidos |9 255178 | |
| 651 | 0 | |a América Latina |9 255027 | |
| 583 | |a last modification |c 19890414 00:00:00 |k Rodrigo Vera | ||
| 999 | |c 221397 |d 221395 | ||
| 952 | |0 0 |1 0 |4 0 |6 327_730800000000000_THE_1985 |7 0 |8 A |9 214684 |a BIBHIS |b BIBHIS |d 2019-11-15 |i 2832372 |o 327.7308 THE 1985 |p 2832372 |r 2025-01-20 |w 2019-11-15 |y BK |k HIS | ||
| 952 | |0 0 |1 0 |4 0 |6 327_730800000000000_THE_1985 |7 0 |8 A |9 214685 |a BIBHIS |b BIBHIS |d 2019-11-15 |i 2832380 |o 327.7308 THE 1985 |p 2832380 |r 2025-01-20 |w 2019-11-15 |y BK |k HIS | ||
| 952 | |0 0 |1 0 |4 0 |6 327_730800000000000_THE_1985 |7 0 |8 A |9 214686 |a BIBHIS |b BIBHIS |d 2019-11-15 |i 1348604 |o 327.7308 THE 1985 |p 1348604 |r 2025-01-20 |w 2019-11-15 |y BK |k HIS | ||
| 952 | |0 0 |1 0 |4 0 |6 327_730800000000000_THE_1985 |7 0 |8 A |9 214687 |a BIBDER |b BIBDER |d 2019-11-15 |i 358710K |o 327.7308 THE 1985 |p 358710K |r 2023-01-25 |w 2019-11-15 |y BK |k DER | ||